000 00632cab a2200217 4500
001 WB2816-02
008 090401t1992 xxu||||| |||| 00| 0 eng d
035 _a(Sirsi) u80317
041 _aeng
245 _aSurveys show confidence rise
260 _c1992
350 _a0
490 _aNew Builder
_v(124) 9 April 1992, 12(1)
520 _aHousing starts are proving an optimistic indicator of revival in the house market, though any upturn must be treated as tentative.
650 _aBUSINESS CONFIDENCE
650 _aSURVEYS
650 _aWORKLOADS
690 _aBUILT ENVIRONMENT
942 _n0
948 _c04/03/1997
999 _c50578
_d50578